| 000 | 00000nam 2200000za 4500 |
| 001 | 9.821159 |
| 003 | CaOODSP |
| 005 | 20250807134850 |
| 007 | cr ||||||||||| |
| 008 | 160804s2016 oncbd ob f000 0 eng d |
| 020 | |a978-0-660-05892-4 |
| 040 | |aCaOODSP|beng |
| 041 | |aeng|bfre |
| 043 | |an-cn--- |
| 086 | 1 |aFs97-6/3175E-PDF |
| 245 | 00|aSpecies distribution modelling of corals and sponges in the eastern Arctic for use in the identification of significant benthic areas |h[electronic resource] / |cby L. Beazley [et al.]. |
| 246 | 1 |iTitle at head of French abstract: |aModélisation de la répartition des espèces de coraux et d'éponges dans l'est de l'Arctique aux fins d'utilisation dans la détermination des zones benthiques importantes |
| 260 | |a[Ottawa] : |bFisheries and Oceans Canada, |cc2016. |
| 300 | |avii, 210 p. : |bill. |
| 490 | 1 |aCanadian technical report of fisheries and aquatic sciences, |x1488-5379 ; |v3175 |
| 504 | |aIncludes bibliographical references (p. 168-171). |
| 692 | 07|2gccst|aAquatic ecosystems |
| 692 | 07|2gccst|aAquatic wildlife |
| 692 | 07|2gccst|aBiomass |
| 692 | 07|2gccst|aModelling |
| 700 | 1 |aBeazley, L. |q(Lindsay) |
| 710 | 1 |aCanada. |bDepartment of Fisheries and Oceans. |
| 830 | #0|aCanadian technical report of fisheries and aquatic sciences,|x1488-5379 ; |v3175|w(CaOODSP)9.504449 |
| 856 | 40|qPDF|s15.92 MB|uhttps://publications.gc.ca/collections/collection_2016/mpo-dfo/Fs97-6-3175-eng.pdf |